[Event "Sabadell Coral Colon op 10th"]
[Site "Sabadell"]
[Date "2016.02.19"]
[Round "5"]
[White "Lopez Atalaya Faine, Josep"]
[Black "Ara Aymani, Emili"]
[Result "1/2-1/2"]
[WhiteElo "1829"]
[BlackElo "1875"]
[PlyCount "89"]
[EventDate "2016.01.22"]
[EventType "swiss"]
[EventRounds "9"]
[EventCountry "ESP"]
[SourceTitle "EXT 2017"]
[Source "ChessBase"]
[SourceDate "2016.10.25"]
[SourceVersion "1"]
[SourceVersionDate "2016.10.25"]
[SourceQuality "1"]

1. d4 Nf6 2. c4 e6 3. Nf3 d5 4. Nc3 Be7 5. Bg5 Nbd7 6. e3 Ne4 7. Bxe7 Qxe7 8. cxd5 Nxc3 9. bxc3 exd5 10. Qb3 c6 11. c4 dxc4 12. Bxc4 Nb6 13. Bd3 Be6 14. Qc2 g6 15. 0-0 0-0 16. e4 Rad8 17. a4 f5 18. exf5 Bxf5 19. Bxf5 Rxf5 20. Rfe1 Qc7 21. Re5 Rxe5 22. dxe5 Nd5 23. Re1 Re8 24. Qe4 Qe7 25. Qd4 a5 26. Rb1 Qc7 27. h4 Nb4 28. Rd1 Nd5 29. Rc1 Qe7 30. Qa7 b6 31. Qxe7 Nxe7 32. g3 Rc8 33. Nd4 Kf7 34. f4 c5 35. Nb5 Ke6 36. Rd1 Nd5 37. Nd6 Rf8 38. Rd3 h6 39. Nc4 Rb8 40. Kf2 b5 41. axb5 Rxb5 42. Ra3 Nb4 43. Rxa5 Rxa5 44. Nxa5 Kd5 45. Ke3 1/2-1/2

[Event "Sabadell Coral Colon op 9th"]
[Site "Sabadell"]
[Date "2015.03.20"]
[Round "7"]
[White "Rodriguez Font, Roger"]
[Black "Lopez Atalaya Faine, Josep"]
[Result "0-1"]
[WhiteElo "2113"]
[BlackElo "2037"]
[PlyCount "54"]
[EventDate "2015.02.06"]
[EventType "swiss"]
[EventRounds "9"]
[EventCountry "ESP"]
[SourceTitle "EXT 2016"]
[Source "ChessBase"]
[SourceDate "2015.10.08"]
[SourceVersion "1"]
[SourceVersionDate "2015.10.08"]
[SourceQuality "1"]

1. e4 c5 2. Nf3 d6 3. d4 cxd4 4. Nxd4 Nf6 5. Nc3 a6 6. Bg5 e6 7. f4 Nbd7 8. Qf3 Qc7 9. 0-0-0 b5 10. Bd3 Be7 11. Rhe1 Nc5 12. e5 Bb7 13. Qg3 dxe5 14. fxe5 b4 15. Qh4 bxc3 16. exf6 cxb2+ 17. Kb1 gxf6 18. Bxf6 Bd5 19. Nb3 Nxb3 20. axb3 Qa5 21. c4 Bxf6 22. Qxf6 Qa1+ 23. Kc2 b1Q+ 24. Rxb1 Qxf6 25. cxd5 Rc8+ 26. Bc4 e5 27. Re2 0-0 0-1

[Event "Terrassa Barad op"]
[Site "Terrassa"]
[Date "2013.??.??"]
[Round "4"]
[White "Garcia Bueno, Robert"]
[Black "Lopez Atalaya Faine, Josep"]
[Result "0-1"]
[WhiteElo "1806"]
[BlackElo "1821"]
[PlyCount "98"]
[EventDate "2013.10.18"]
[EventType "swiss"]
[EventRounds "8"]
[EventCountry "ESP"]
[SourceTitle "EXT 2015"]
[Source "ChessBase"]
[SourceDate "2014.11.20"]
[SourceVersion "1"]
[SourceVersionDate "2014.11.20"]
[SourceQuality "1"]

1. g3 d5 2. Bg2 Nf6 3. Nf3 g6 4. 0-0 Bg7 5. c4 c6 6. Qa4 0-0 7. Nc3 d4 8. Nd1 Nbd7 9. d3 e5 10. b4 Ng4 11. Bb2 f5 12. Nd2 Qe7 13. c5 Ndf6 14. Nc4 Ne8 15. Qb3 Kh8 16. a4 e4 17. a5 Ne5 18. Ba3 Nxc4 19. Qxc4 Be6 20. Qc2 Bd5 21. Nb2 Nc7 22. Nc4 Nb5 23. Bb2 Rae8 24. a6 bxa6 25. Rxa6 g5 26. Rfa1 h5 27. Na3 Nxa3 28. R1xa3 Ra8 29. dxe4 fxe4 30. Qa4 Rf7 31. Rxc6 Bxc6 32. Qxc6 Raf8 33. Bxe4 Rf6 34. Qb7 Qxb7 35. Bxb7 Rxf2 36. Bf3 R2xf3 37. exf3 Rb8 38. Rb3 a6 39. Kf1 Re8 40. Rd3 Kh7 41. Bc1 Kg6 42. f4 gxf4 43. Bxf4 Kf5 44. Ra3 Re6 45. Ra5 Ke4 46. Bd6 d3 47. Rxa6 Bc3 48. b5 d2 49. Ra4+ Kd3 0-1

[Event "Terrassa Barad op"]
[Site "Terrassa"]
[Date "2013.??.??"]
[Round "2"]
[White "Talo Moya, Jordi"]
[Black "Lopez Atalaya Faine, Josep"]
[Result "0-1"]
[WhiteElo "1406"]
[BlackElo "1821"]
[PlyCount "38"]
[EventDate "2013.10.18"]
[EventType "swiss"]
[EventRounds "8"]
[EventCountry "ESP"]
[SourceTitle "EXT 2015"]
[Source "ChessBase"]
[SourceDate "2014.11.20"]
[SourceVersion "1"]
[SourceVersionDate "2014.11.20"]
[SourceQuality "1"]

1. d4 Nf6 2. c4 g6 3. Nc3 d5 4. cxd5 Nxd5 5. e4 Nxc3 6. bxc3 Bg7 7. Nf3 c5 8. Be2 Nc6 9. Bb2 cxd4 10. cxd4 0-0 11. 0-0 Bg4 12. e5 Rc8 13. h3 Be6 14. a3 Qb6 15. Bc3 Rfd8 16. Rb1 Qc7 17. Qe1 Bd5 18. Rc1 Bh6 19. Ba5 Qxa5 0-1

[Event "Catalunya-chB"]
[Site "Spain"]
[Date "1996.11.10"]
[Round "6"]
[White "Santos Bouzas, Miguel"]
[Black "Lopez Atalaya Faine, Josep"]
[Result "0-1"]
[WhiteElo "2055"]
[BlackElo "2065"]
[PlyCount "42"]
[EventDate "1997.??.??"]
[EventType "swiss"]
[EventRounds "8"]
[EventCountry "ESP"]
[SourceTitle "EXT 2003"]
[Source "ChessBase"]
[SourceDate "2002.11.25"]
[SourceVersion "1"]
[SourceVersionDate "2002.11.25"]
[SourceQuality "1"]

1. e4 c5 2. c3 Nf6 3. e5 Nd5 4. d4 cxd4 5. Nf3 e6 6. cxd4 Nb6 7. Nc3 d5 8. Bd3 Be7 9. 0-0 0-0 10. Bc2 Nc6 11. Qd3 g6 12. a3 f5 13. exf6 Bxf6 14. Bh6 Rf7 15. Rfe1 Qc7 16. Ng5 Bxg5 17. Bxg5 e5 18. dxe5 Bf5 19. Qe2 Nxe5 20. Bxf5 Rxf5 21. Nxd5 Nxd5 0-1